| 000 | 00931cam a22002533a 4500 | ||
|---|---|---|---|
| 001 | 14184 | ||
| 003 | PGUSA | ||
| 005 | 20140828083314.0 | ||
| 008 | 041127s2004||||xxu|||||s|||||000 | eng d | ||
| 040 |
_aPGUSA _beng |
||
| 042 | _adc | ||
| 050 | 4 | _aPZ | |
| 100 | 1 | _aLovechild, Miss | |
| 245 | 1 | 4 |
_aThe Ladder to Learning _h[electronic resource] / _cMiss Lovechild |
| 260 |
_bProject Gutenberg, _c2004 |
||
| 500 | _aImages of the original pages are available through the Florida Board of Education, Division of Colleges and Universities, PALMM Project, 2001. (Preservation and Access for American and British Children's Literature, 1850-1869.) See http://purl.fcla.edu/fcla/dl/UF00001761.pdf | ||
| 506 | _aPublic domain in the USA. | ||
| 516 | _aElectronic text | ||
| 653 | _aAlphabets | ||
| 653 | _aAlphabet rhymes | ||
| 830 | 0 |
_aProject Gutenberg _v14184 |
|
| 856 | 4 | 0 | _uhttp://www.gutenberg.org/ebooks/14184 |
| 942 | _cEB | ||
| 999 |
_c243439 _d243439 |
||